00437nam a2200121Ia 4500008004100000024004100041082001700082100005000099245008200149260002500231600002100256650003800277250506s9999 xx 000 0 und d a12B-62-BS, 12B-65-BS & 12B-96-BS a005.1072 FAI aFaizan Yousuf , Mir Gufran Ali & Usman Baloch 0aWe-Entrepreneurs (a web based social community for entrepreneurs) (code book) aKarachi:bUIT,c2012 aComputer Science aBachelor of Computer Science (BS)